| 000 | 00742nam a22002057a 4500 | ||
|---|---|---|---|
| 005 | 20140318143457.0 | ||
| 010 | _aENG-109460 | ||
| 020 |
_c395.00 _a9789350350003 |
||
| 035 | _aEN-92993 | ||
| 037 | _bDBAD/PUB | ||
| 082 | _a344.540999 | ||
| 100 | _aSharma, Vakul | ||
| 245 | 0 | 0 |
_aInformation technology law and practice : _cby Vakul Sharma _blaw and emerging technology cyber law & E-commerce / |
| 250 | _a3rd ed | ||
| 260 |
_aDelhi _bUniversal Law Publishing _c2011 |
||
| 270 |
_aC-FF-1A, Dilkhush Industrial Estate, (Near Azadpur Metro Station) G.T. Karnal Road, _bDelhi _e110033 |
||
| 300 |
_axxxix,566p. _c25cm(pbk) |
||
| 500 | _aIncludes bibliographical references and index | ||
| 942 |
_2ddc _cEN _mSHA _h344.540999 |
||
| 999 |
_c82740 _d82740 |
||